Normal view
MARC view
- Bowman-Manifold, M.G.E
Entry Personal Name
001 - CONTROL NUMBER
- control field: 49878
003 - CONTROL NUMBER IDENTIFIER
- control field: NUST
005 - DATE AND TIME OF LATEST TRANSACTION
- control field: 20210314134450.0
008 - FIXED-LENGTH DATA ELEMENTS
- fixed length control field: 210314|| aca||aabn | a|a d
040 ## - CATALOGING SOURCE
- Original cataloging agency: NUST
- Transcribing agency: NUST
100 ## - HEADING--PERSONAL NAME
- Personal name: Bowman-Manifold, M.G.E
670 ## - SOURCE DATA FOUND
- Source citation: Work cat.: (NUST): Bowman-Manifold, M.G.E, An outline of the Egyptian and Palestine campaigns 1914-1918, 1928
